Normal view MARC view

Entry Personal Name

Number of records used in: 1

001 - CONTROL NUMBER

  • control field: 1238188

003 - CONTROL NUMBER IDENTIFIER

  • control field: OSt

005 - DATE AND TIME OF LATEST TRANSACTION

  • control field: 20260430150657.0

008 - FIXED-LENGTH DATA ELEMENTS

  • fixed length control field: 260430|| aca||aabn | a|a d

040 ## - CATALOGING SOURCE

  • Original cataloging agency: OSt
  • Transcribing agency: OSt

100 ## - HEADING--PERSONAL NAME

  • Personal name: University of Delhi. Faculty of Social Sciences. Deptt. of Continuing Education & Extension

670 ## - SOURCE DATA FOUND

  • Source citation: Work cat.: (OSt)1850367: Job Binoy Au.; Gupta Rupesh Kumar Gu. 1238187, The Evolving Strategies of Leadership in Shaping Public Policies of Education in India, 2024
Copyright @ Delhi University Library System